Loading...
| Fine Arts - Auditory | 0 | 5 | 2 | 1 | 40 | 83 | 108.80 | 5 | 5 | 0.00 | 0.00 |
| Science - Biology | 0 | 4 | 0 | 1 | 40 | 99 | 119.00 | 0 | 4 | 0.00 | 0.00 |
| Fine Arts - Other | 0 | 2 | 0 | 0 | 20 | 138 | 141.50 | 1 | 2 | 0.00 | 0.00 |
| Fine Arts - Visual | 0 | 2 | 0 | 1 | 20 | 144 | 146.00 | 1 | 2 | 0.00 | 0.00 |
| History - Ancient/Other | 0 | 2 | 0 | 2 | 20 | 100 | 110.00 | 0 | 2 | 0.00 | 0.00 |
| History - European | 0 | 1 | 0 | 0 | 10 | 113 | 113.00 | 0 | 1 | 0.00 | 0.00 |
| Current Events | 0 | 1 | 0 | 0 | 10 | 103 | 103.00 | 1 | 1 | 0.00 | 0.00 |
| History - World | 0 | 1 | 0 | 0 | 10 | 97 | 97.00 | 1 | 1 | 0.00 | 0.00 |
| Mythology | 0 | 1 | 0 | 0 | 10 | 123 | 123.00 | 0 | 1 | 0.00 | 0.00 |
| Other Academic | 0 | 1 | 0 | 0 | 10 | 150 | 150.00 | 0 | 1 | 0.00 | 0.00 |